| 000 | 00545nam a22001937a 4500 | ||
|---|---|---|---|
| 003 | CEME | ||
| 005 | 20210628210510.0 | ||
| 008 | 210208b xxu||||| |||| 00| 0 eng d | ||
| 020 | _a0-07-034536-8 | ||
| 040 | _c. | ||
| 082 | _a697 KHA | ||
| 100 |
_aKhashab, A. M _979625 |
||
| 245 | _aHeating ventilating and air conditioning systems estimating manual | ||
| 250 | _a2ND | ||
| 260 |
_aNEW YORK _bMCGRAW HILL _c1984 |
||
| 300 | _a320P | ||
| 650 |
_aAIR CONDITIONING ESTIMATE VENTILATION ESTIMATE HEATING ESTIMATES _979626 |
||
| 942 |
_cBK _2ddc |
||
| 999 |
_c584651 _d584651 |
||